| 000 | 00533nam a22001937a 4500 | ||
|---|---|---|---|
| 003 | OSt | ||
| 005 | 20220107122735.0 | ||
| 008 | 140416b xxu||||| |||| 00| 0 eng d | ||
| 020 | _a9788131727157 | ||
| 040 | _cIIITM-K | ||
| 082 | _a658.404 PIN/P | ||
| 100 |
_aPinto, Jeffrey K _94041 |
||
| 245 |
_aProject management: _bAchieving competetive advantage _cby Jeffrey K Pinto |
||
| 260 |
_aNew Delhi, _bPearson, _c2009. |
||
| 300 | _axxi, 490p. | ||
| 650 |
_aMANAGEMENT _94042 |
||
| 650 |
_aPROJECT MANAGEMENT _94043 |
||
| 942 |
_2ddc _cBK |
||
| 999 |
_c3822 _d3822 |
||